|
|
|
|
| LEADER |
00000nam0a2200000 4500 |
| 001 |
161308 |
| 005 |
20231101222239.0 |
| 010 |
|
|
|b 100 экз.
|
| 021 |
|
|
|a RU
|b 07-62079
|9 07-3317
|
| 035 |
|
|
|a (RuTPU)RU\TPU\book\174922
|
| 090 |
|
|
|a 161308
|
| 100 |
|
|
|a 20090605d2007 m u0rusy5002 ca
|
| 101 |
0 |
|
|a rus
|
| 102 |
|
|
|a RU
|
| 105 |
|
|
|a a j 001zy
|
| 200 |
1 |
|
|a Инженерная геодезия. Геодезические разбивочные работы
|e учебное пособие
|f Е. Б. Михаленко [и др.]
|g Санкт-Петербургский государственный политехнический университет (СПбГПУ)
|
| 210 |
|
|
|a СПб.
|c Изд-во Политехн. ун-та
|d 2007
|
| 215 |
|
|
|a 66 с.
|c ил.
|d 20 см.
|
| 300 |
|
|
|a Авторы указаны на обороте тит. листа.
|
| 320 |
|
|
|a Библиогр.: с. 65.
|
| 330 |
|
|
|a Пособие соответствует государственному образовательному стандарту направления подготовки дипломированных специалистов 653500 «Строительство». Изложены основные сведения о содержании, методике и технике геодезических работ, выполняемых при строительстве сооружений. Главное внимание уделено организации разбивочных работ. Рассмотрены основные методы разбивочных работ, применяемые при строительстве, в частности определение на местности положения основных осей и границ сооружений и других характерных точек в соответствии с проектом при подготовительных работах и в процессе строительства. Приведены примеры подготовки исходных данных для выноса на местность участка канала и вертикальной планировки для проектирования горизонтальной строительной площадки. Предназначено для студентов инженерно-строительного факультета всех специальностей в рамках программы бакалавриата.
|
| 606 |
1 |
|
|a Инженерная геодезия
|2 stltpush
|3 (RuTPU)RU\TPU\subj\12569
|9 39332
|
| 610 |
1 |
|
|a геодезические работы
|
| 610 |
1 |
|
|a учебные пособия
|
| 610 |
1 |
|
|a плановые разбивочные работы
|
| 610 |
1 |
|
|a высотные работы
|
| 610 |
1 |
|
|a детальные разбивочные работы
|
| 610 |
1 |
|
|a линейные сооружения
|
| 610 |
1 |
|
|a шахтные сооружения
|
| 610 |
1 |
|
|a строительство
|
| 675 |
|
|
|a 528.48(075.8)
|v 3
|z rus
|
| 701 |
|
1 |
|a Михаленко
|b Е. Б.
|g Евгений Борисович
|
| 701 |
|
1 |
|a Беляев
|b Н. Д.
|g Николай Дмитриевич
|
| 701 |
|
1 |
|a Вилькевич
|b В. В.
|g Валентин Войтехович
|
| 701 |
|
1 |
|a Духовской
|b Ф. Н.
|g Федор Николаевич
|
| 701 |
|
1 |
|a Загрядская
|b Н. Н.
|g Наталия Николаевна
|
| 701 |
|
1 |
|a Смирнов
|b А. А.
|g Александр Александрович
|
| 712 |
0 |
2 |
|a Санкт-Петербургский государственный политехнический университет (СПбГПУ)
|2 stltpush
|3 (RuTPU)RU\TPU\col\1918
|
| 801 |
|
0 |
|a RU
|b 63413507
|c 20071018
|g PSBO
|
| 801 |
|
1 |
|a RU
|b 63413507
|c 20090605
|g PSBO
|
| 801 |
|
2 |
|a RU
|b 63413507
|c 20091027
|g PSBO
|
| 830 |
|
|
|a <b><br /> <b>Инженерная геодезия. Геодезические разбивочные работы</b> : учеб. пособие / Федер. агентство по образованию, С.-Петерб. гос. политехн. ун-т; [Михаленко Е. Б. и др.]. - СПб. : Изд-во Политехн. ун-та, 2007. - 66 с. : ил.; 20 см. - Библиогр.: с. 65. - 100 экз. - [ 07-62079]<br /> - - 1. Геодезические работы. </p><p style='text-align:right'>УДК 528.48(075.8) <br />ББК 26.1я73 </p>
|
| 900 |
|
|
|a Инженерная геодезия
|
| 942 |
|
|
|c BK
|